[Event "6th SPICE Cup GM"]
[Site "St Louis USA"]
[Date "2012.10.15"]
[Round "3"]
[White "Balogh, C."]
[Black "Meier, Geo"]
[Result "1/2-1/2"]
[WhiteElo "2664"]
[BlackElo "2646"]
[PlyCount "72"]
[EventDate "2012.10.13"]
[SourceDate "1999.07.01"]

1. e4 e6 2. d4 d5 3. Nd2 c5 4. exd5 Qxd5 5. dxc5 Bxc5 6. Ngf3 Nf6 7. Bc4 Qc6 8.
Qe2 a6 9. O-O O-O 10. Nb3 Bd6 11. Bg5 Nbd7 12. Nbd4 Qc7 13. c3 b6 14. Rad1 Bb7
15. Bb3 Rfe8 16. Bc2 Rac8 17. Bh4 b5 18. Bb1 g6 19. Bg3 e5 20. Nc2 Nd5 21. Ne3
N7f6 22. Nxd5 Nxd5 23. Be4 Nf4 24. Bxf4 exf4 25. Qd2 Bxe4 26. Qxd6 Bxf3 27.
gxf3 Re2 28. Qxa6 Rxb2 29. Rb1 Rxb1 30. Rxb1 Qxc3 31. Kg2 Rd8 32. Qxb5 Rd2 33.
Qb8+ Kg7 34. Qxf4 Rxa2 35. Rb7 Qf6 36. Qxf6+ Kxf6 1/2-1/2

[Event "US Chess League 2012"]
[Site "ICC INT"]
[Date "2012.10.11"]
[Round "6"]
[White "Erenburg, S."]
[Black "Kraai, J."]
[Result "1-0"]
[WhiteElo "2629"]
[BlackElo "2514"]
[PlyCount "129"]
[EventDate "2012.09.04"]
[SourceDate "1999.07.01"]
[WhiteTeam "Philadelphia"]
[BlackTeam "San Francisco"]

1. e4 e6 2. d4 d5 3. Nd2 Nf6 4. e5 Nfd7 5. Bd3 c5 6. c3 Nc6 7. Ne2 cxd4 8. cxd4
f6 9. exf6 Nxf6 10. Nf3 Qc7 11. O-O Bd6 12. Bg5 O-O 13. Bh4 Ng4 14. Bg3 g6 15.
Qd2 Bxg3 16. hxg3 Qg7 17. Rac1 Bd7 18. Bb5 Rf5 19. Bxc6 bxc6 20. Nh2 Nxh2 21.
Kxh2 Raf8 22. f3 e5 23. Kg1 Re8 24. g4 Rf7 25. dxe5 Qxe5 26. Nd4 Qd6 27. b4
Rfe7 28. Rfe1 Qg3 29. Nc2 Bc8 30. Rxe7 Rxe7 31. Re1 Rxe1+ 32. Nxe1 Ba6 33. Nc2
Bc4 34. a3 Qc7 35. Qe3 Kf7 36. Qc5 Qe7 37. Qxc6 Bb3 38. Kf2 Qe5 39. Qd7+ Kg8
40. Ne3 Qb2+ 41. Kg3 Qe5+ 42. Kf2 Qb2+ 43. Ke1 Qc3+ 44. Ke2 d4 45. Qd8+ Kg7 46.
Nf1 Bc4+ 47. Kf2 Qb2+ 48. Kg1 Bxf1 49. Qc7+ Kh6 50. Qf4+ Kg7 51. Qe5+ Kf7 52.
Qc7+ Ke6 53. Kxf1 Qa1+ 54. Ke2 Qb2+ 55. Kf1 Qb1+ 56. Kf2 Qd3 57. Qc6+ Kf7 58.
Qc1 Ke6 59. Qc6+ Kf7 60. Qd5+ Kg7 61. Qe4 Qd2+ 62. Qe2 Qc3 63. Qe5+ Kf7 64. Kg3
Qd2 65. Qf4+ 1-0

[Event "34th Rashid Nezhmetdinov Cup"]
[Site "Kazan RUS"]
[Date "2012.10.02"]
[Round "7.1"]
[White "Grigoriants, S RUS."]
[Black "Volkov, Sergey1"]
[Result "1/2-1/2"]
[WhiteElo "2578"]
[BlackElo "2575"]
[PlyCount "41"]
[EventDate "2012.09.25"]
[SourceDate "1999.07.01"]

1. e4 e6 2. d4 d5 3. Nd2 Nf6 4. e5 Nfd7 5. Bd3 c5 6. c3 Nc6 7. Ne2 cxd4 8. cxd4
f6 9. exf6 Nxf6 10. Nf3 Bd6 11. O-O O-O 12. Bf4 Bxf4 13. Nxf4 Ne4 14. Qc1 Ng5
15. Nxg5 Qxg5 16. Ne2 Qf6 17. Qd2 Bd7 18. Bb5 Nb8 19. Bd3 Nc6 20. Bb5 Nb8 21.
Bd3 1/2-1/2

[Event "TATA 50th ch-IND National Premier"]
[Site "Kolkata IND"]
[Date "2012.10.07"]
[Round "7.1"]
[White "Gopal, G."]
[Black "Sengupta, D."]
[Result "0-1"]
[WhiteElo "2544"]
[BlackElo "2539"]
[PlyCount "94"]
[EventDate "2012.10.01"]
[SourceDate "1999.07.01"]

1. e4 e6 2. d4 d5 3. Nd2 Nf6 4. e5 Nfd7 5. Bd3 c5 6. c3 Nc6 7. Ngf3 g6 8. h4 h6
9. Bc2 Bg7 10. a3 O-O 11. b4 cxd4 12. cxd4 Qb6 13. Nb3 f6 14. exf6 Nxf6 15. O-O
Ng4 16. Bb2 a5 17. Bxg6 axb4 18. a4 Qc7 19. Re1 b6 20. Bh5 Nf6 21. Bg6 Ng4 22.
Bh5 Rxf3 23. Bxg4 Rf6 24. Re3 Bd7 25. Qe2 Qd6 26. Rf3 Rxf3 27. Bxf3 Na5 28. Nd2
Rc8 29. Nf1 Nb3 30. Rd1 Bxa4 31. Ng3 Na5 32. Ra1 Rc2 33. Qd3 Rxb2 34. Rxa4 b3
35. Nh5 Rc2 36. g3 Qf8 37. Kg2 Ra2 38. Qb5 Rxa4 39. Qxa4 b2 40. Qb5 Nc4 41. Nf4
Qf5 42. Nxd5 b1=Q 43. Ne7+ Kh7 44. Qxc4 Qfd3 45. Qxe6 Qdf1+ 46. Kh2 Qxf2+ 47.
Kh3 Qbf1+ 0-1

[Event "Baku Open 2012"]
[Site "Baku AZE"]
[Date "2012.09.27"]
[Round "6.5"]
[White "Mchedlishvili, M."]
[Black "Durarbayli, V."]
[Result "1/2-1/2"]
[WhiteElo "2652"]
[BlackElo "2584"]
[PlyCount "47"]
[EventDate "2012.09.22"]
[SourceDate "1999.07.01"]

1. e4 e6 2. d4 d5 3. Nd2 Nf6 4. Bd3 c5 5. e5 Nfd7 6. c3 cxd4 7. cxd4 Nc6 8. Ne2
f6 9. exf6 Qxf6 10. Nf3 h6 11. O-O Bd6 12. Bc2 O-O 13. Ng3 Rf7 14. Nh5 Qd8 15.
Bg6 Re7 16. Bf4 Nf8 17. Bc2 Qc7 18. Bg3 Bd7 19. Re1 Be8 20. Bxd6 Qxd6 21. Ng3
Bg6 22. Ba4 Rc8 23. Bxc6 bxc6 24. Ne5 1/2-1/2

[Event "1st Simon Bolivar Open 2012"]
[Site "San Cristobal VEN"]
[Date "2012.09.28"]
[Round "6.4"]
[White "Ortiz Suarez, I."]
[Black "Cordova, E."]
[Result "1/2-1/2"]
[WhiteElo "2576"]
[BlackElo "2554"]
[PlyCount "39"]
[EventDate "2012.09.25"]
[SourceDate "1999.07.01"]

1. e4 e6 2. d4 d5 3. Nd2 dxe4 4. Nxe4 Nd7 5. Nf3 Ngf6 6. Bg5 h6 7. Nxf6+ Nxf6
8. Be3 Nd5 9. Bd3 Bd6 10. Qe2 a6 11. O-O b5 12. Bd2 Qe7 13. a4 b4 14. c4 bxc3
15. bxc3 c5 16. Rfe1 Nf6 17. c4 O-O 18. d5 Re8 19. Bc3 exd5 20. Bxf6 1/2-1/2

[Event "TCh-SUI National A 2012"]
[Site "Switzerland SUI"]
[Date "2012.09.23"]
[Round "7.2"]
[White "Godena, M."]
[Black "Korchnoi, V."]
[Result "1/2-1/2"]
[WhiteElo "2508"]
[BlackElo "2549"]
[PlyCount "130"]
[EventDate "2012.03.18"]
[SourceDate "1999.07.01"]
[WhiteTeam "Mendrisio 1"]
[BlackTeam "Zuerich 1"]

1. e4 e6 2. d4 d5 3. Nd2 c5 4. Ngf3 Nf6 5. exd5 exd5 6. Bb5+ Bd7 7. Bxd7+ Nbxd7
8. O-O Be7 9. dxc5 Nxc5 10. Nb3 Nce4 11. Nfd4 Qd7 12. f3 Nd6 13. Nc5 Qc8 14.
Nd3 O-O 15. Bf4 Re8 16. Re1 Qd8 17. c3 Nc4 18. Qb3 Na5 19. Qc2 Qb6 20. Kh1 Bf8
21. Be3 Nc4 22. Bf2 Qc7 23. Rxe8 Rxe8 24. Re1 Rxe1+ 25. Bxe1 a6 26. Bf2 g6 27.
g3 Bd6 28. Qc1 Qd7 29. Kg2 Nh5 30. b3 Ne5 31. Nxe5 Bxe5 32. Qe3 Bf6 33. Ne2 Ng7
34. Qf4 Qd8 35. Qb4 Qd7 36. Qf4 Qd8 37. Qb4 b5 38. Qa3 Qe8 39. Qxa6 Qxe2 40.
Qxf6 Nf5 41. Qg5 h6 42. Qf4 Qxa2 43. Qb8+ Kh7 44. Qe8 Qxb3 45. Qxf7+ Ng7 46.
Qf6 Qb2 47. Qc6 d4 48. cxd4 b4 49. d5 Nf5 50. Qb7+ Kg8 51. Qb8+ Kf7 52. Qa7+
Kf8 53. Qc5+ Kf7 54. Qc7+ Kg8 55. Qd8+ Kf7 56. Qd7+ Kf8 57. Qc8+ Kg7 58. Qc7+
Kg8 59. Qc8+ Kg7 60. g4 Nd6 61. Qd7+ Nf7 62. Qb7 g5 63. d6 Qd2 64. d7 Kf6 65.
Kf1 Qd3+ 1/2-1/2

[Event "DYTM KL Open 2012"]
[Site "Kuala Lumpur MAS"]
[Date "2012.09.20"]
[Round "5.1"]
[White "Tiviakov, S."]
[Black "Cao, S."]
[Result "1-0"]
[WhiteElo "2674"]
[BlackElo "2502"]
[PlyCount "93"]
[EventDate "2012.09.18"]
[SourceDate "1999.07.01"]

1. e4 e6 2. d4 d5 3. Nd2 dxe4 4. Nxe4 Nd7 5. Nf3 Ngf6 6. Nxf6+ Nxf6 7. c3 Be7
8. Bd3 O-O 9. O-O b6 10. Qe2 Bb7 11. Bf4 Qc8 12. Ne5 c5 13. dxc5 Qxc5 14. Rad1
Rad8 15. Rfe1 Bd6 16. Bg3 Bb8 17. a3 Rd5 18. c4 Rdd8 19. b4 Qe7 20. Bh4 Kh8 21.
Bb1 Rxd1 22. Rxd1 Bxe5 23. Qxe5 Rd8 24. Re1 h6 25. f3 Kg8 26. Rc1 Bc6 27. Bc2
Rd2 28. Be1 Rd8 29. b5 Be8 30. Bb4 Qb7 31. Rd1 Rc8 32. Qd6 Bd7 33. a4 e5 34. c5
bxc5 35. Bc3 Be6 36. Qxe5 c4 37. a5 Re8 38. Be4 Qe7 39. Bc6 Rc8 40. Qd6 Qxd6
41. Rxd6 Ne8 42. Rd2 Nc7 43. b6 axb6 44. axb6 Na6 45. Bb7 Rb8 46. Bxa6 Rxb6 47.
Bc8 1-0

[Event "3rd Livigno Open A"]
[Site "Livigno ITA"]
[Date "2012.09.13"]
[Round "5.3"]
[White "Vovk, A."]
[Black "Volkov, Sergey1"]
[Result "1/2-1/2"]
[WhiteElo "2549"]
[BlackElo "2575"]
[PlyCount "39"]
[EventDate "2012.09.10"]
[SourceDate "1999.07.01"]

1. e4 e6 2. d4 d5 3. Nd2 Nf6 4. e5 Nfd7 5. c3 c5 6. Bd3 Nc6 7. Ne2 cxd4 8. cxd4
f6 9. exf6 Nxf6 10. Nf3 Bd6 11. O-O O-O 12. Bf4 Bxf4 13. Nxf4 Ne4 14. Qc1 Ng5
15. Nxg5 Qxg5 16. Ne2 Qf6 17. Qd2 Bd7 18. Rac1 Be8 19. Rc3 Bh5 20. Ng3 1/2-1/2

[Event "40th Olympiad Open"]
[Site "Istanbul TUR"]
[Date "2012.09.06"]
[Round "9.3"]
[White "Akopian, Vl"]
[Black "Meier, Geo"]
[Result "1-0"]
[WhiteElo "2687"]
[BlackElo "2648"]
[PlyCount "88"]
[EventDate "2012.08.28"]
[SourceDate "1999.07.01"]
[WhiteTeam "Armenia"]
[BlackTeam "Germany"]
[WhiteTeamCountry "AUS"]
[BlackTeamCountry "KAZ"]

1. e4 e6 2. d4 d5 3. Nd2 c5 4. exd5 Qxd5 5. Ngf3 cxd4 6. Bc4 Qd6 7. O-O Nf6 8.
Nb3 Nc6 9. Nbxd4 Nxd4 10. Nxd4 a6 11. Re1 Qc7 12. Bf1 Be7 13. Qf3 O-O 14. Bf4
Bd6 15. Bxd6 Qxd6 16. Rad1 Qc7 17. c4 Bd7 18. h3 Rfd8 19. g4 Be8 20. g5 Nd7 21.
h4 Rac8 22. Qe3 Nf8 23. h5 Rd7 24. Nf3 Rxd1 25. Rxd1 Rd8 26. Rxd8 Qxd8 27. Be2
a5 28. Ne5 Bc6 29. Nxc6 bxc6 30. Bf3 Qc7 31. c5 e5 32. Bg4 g6 33. h6 f5 34.
gxf6 Kf7 35. a3 Kxf6 36. b4 axb4 37. axb4 Ne6 38. Bxe6 Kxe6 39. Qb3+ Kf6 40. b5
cxb5 41. Qxb5 Qc8 42. f3 e4 43. Qb2+ Ke6 44. Qd4 exf3 1-0

[Event "14th Trieste Open A"]
[Site "Trieste ITA"]
[Date "2012.09.07"]
[Round "8"]
[White "Smirin, I."]
[Black "Baklan, V."]
[Result "1/2-1/2"]
[WhiteElo "2632"]
[BlackElo "2610"]
[PlyCount "31"]
[EventDate "2012.09.01"]
[SourceDate "1999.07.01"]

1. e4 e6 2. d4 d5 3. Nd2 c5 4. Ngf3 cxd4 5. exd5 Qxd5 6. Bc4 Qd8 7. O-O a6 8.
Nb3 Nc6 9. Nbxd4 Nxd4 10. Qxd4 Qxd4 11. Nxd4 Nf6 12. Be2 e5 13. Nb3 Bf5 14. Na5
O-O-O 15. Nc4 Bc5 16. Be3 1/2-1/2

[Event "40th Olympiad Open"]
[Site "Istanbul TUR"]
[Date "2012.08.30"]
[Round "3.15"]
[White "Gonzalez Garcia, J2."]
[Black "Kosic, D."]
[Result "1/2-1/2"]
[WhiteElo "2532"]
[BlackElo "2526"]
[PlyCount "94"]
[EventDate "2012.08.28"]
[SourceDate "1999.07.01"]
[WhiteTeam "Mexico"]
[BlackTeam "Montenegro"]
[WhiteTeamCountry "SUR"]

1. e4 e6 2. d4 d5 3. Nd2 c5 4. exd5 Qxd5 5. dxc5 Bxc5 6. Ngf3 Nf6 7. Bc4 Qc6 8.
O-O O-O 9. Qe2 Bd6 10. Nb3 a6 11. Bg5 Qe4 12. Rfd1 Qxe2 13. Bxe2 Bc7 14. Nfd2
Nc6 15. Nc4 Rb8 16. c3 Ne4 17. Be3 b5 18. Ncd2 Nf6 19. a4 Nd5 20. Bc5 Rd8 21.
axb5 axb5 22. g3 h6 23. Nd4 Nxd4 24. Bxd4 Bd7 25. Nb3 Ra8 26. Bc5 Rxa1 27. Rxa1
e5 28. Ra7 Bb6 29. Bxb6 Nxb6 30. Nc5 Bh3 31. Ra1 Rd2 32. Bxb5 Rxb2 33. Bf1 Bxf1
34. Kxf1 Rc2 35. Re1 f6 36. Rb1 Rxc3 37. Rxb6 Rxc5 38. h4 h5 39. Rb7 Kh7 40.
Ke2 Rc3 41. Ra7 Rb3 42. Rc7 Kh6 43. Ra7 Rb4 44. Kf3 f5 45. Ra5 Re4 46. Kg2 Re1
47. f3 e4 1/2-1/2

[Event "40th Olympiad Open"]
[Site "Istanbul TUR"]
[Date "2012.08.31"]
[Round "4.13"]
[White "Kotronias, V."]
[Black "Kosic, D."]
[Result "0-1"]
[WhiteElo "2589"]
[BlackElo "2526"]
[PlyCount "74"]
[EventDate "2012.08.28"]
[SourceDate "1999.07.01"]
[WhiteTeam "Greece"]
[BlackTeam "Montenegro"]
[WhiteTeamCountry "KGZ"]

1. e4 e6 2. d4 d5 3. Nd2 dxe4 4. Nxe4 Nd7 5. Bd3 Ngf6 6. Qe2 c5 7. Nf3 cxd4 8.
O-O Nxe4 9. Bxe4 Nf6 10. Bg5 Qb6 11. Bxf6 gxf6 12. Rfd1 Bg7 13. Nxd4 O-O 14.
Nb5 f5 15. Bf3 a6 16. Nd6 Rb8 17. a4 Qxb2 18. Qe3 b6 19. c4 Qe5 20. Rab1 Bd7
21. a5 Ba4 22. axb6 Bxd1 23. Rxd1 Qxe3 24. fxe3 Rxb6 25. c5 Rb3 26. c6 Rc3 27.
Nb7 Bh6 28. Rd7 Bxe3+ 29. Kf1 Bf4 30. h4 Rc8 31. Nd8 Rb8 32. Nb7 a5 33. Rd4 e5
34. Rd7 e4 35. Bh5 Rc1+ 36. Ke2 Rxc6 37. Bxf7+ Kh8 0-1

[Event "40th Olympiad Open"]
[Site "Istanbul TUR"]
[Date "2012.08.31"]
[Round "4.23"]
[White "Godena, M."]
[Black "Vasquez Schroeder, R."]
[Result "1/2-1/2"]
[WhiteElo "2516"]
[BlackElo "2533"]
[PlyCount "70"]
[EventDate "2012.08.28"]
[SourceDate "1999.07.01"]
[WhiteTeam "Italy"]
[BlackTeam "Chile"]
[WhiteTeamCountry "MYA"]
[BlackTeamCountry "EGY"]

1. e4 e6 2. d4 d5 3. Nd2 Nf6 4. e5 Nfd7 5. Bd3 c5 6. c3 Nc6 7. Ne2 cxd4 8. cxd4
Nb6 9. O-O Bd7 10. Nf3 Nb4 11. Bb1 Ba4 12. b3 Bb5 13. Re1 Qd7 14. Nf4 O-O-O 15.
Bd2 Kb8 16. a3 Nc6 17. Bd3 Bxd3 18. Nxd3 Rc8 19. Qb1 Rc7 20. Rc1 Qc8 21. h3 h6
22. Qb2 Be7 23. a4 a6 24. Be3 Nb4 25. Nxb4 Bxb4 26. Bd2 Rxc1+ 27. Rxc1 Qf8 28.
Bxb4 Qxb4 29. Qc3 Qxc3 30. Rxc3 Nc8 31. Kf1 Ne7 32. Ke2 Nc6 33. Ke3 Rc8 34. Ne1
Na5 35. Kd2 Nc6 1/2-1/2

[Event "21st Metro GM"]
[Site "Los Angeles USA"]
[Date "2012.08.04"]
[Round "2"]
[White "Bojkov, D."]
[Black "Sevillano, E."]
[Result "0-1"]
[WhiteElo "2556"]
[BlackElo "2526"]
[PlyCount "96"]
[EventDate "2012.08.03"]
[EventType "tourn"]
[SourceDate "1999.07.01"]

1. e4 e6 2. d4 d5 3. Nd2 Nf6 4. e5 Nfd7 5. f4 c5 6. Ngf3 Nc6 7. Nb3 c4 8. Nbd2
b5 9. Be2 Qa5 10. O-O b4 11. Rf2 Nb6 12. Nf1 Na4 13. g4 Be7 14. Ng3 g6 15. Rb1
Bd7 16. Be3 O-O-O 17. Kh1 Rdg8 18. Qf1 h5 19. gxh5 gxh5 20. Ng5 h4 21. Nh5 Be8
22. Rg2 Nb6 23. Ra1 Nd7 24. b3 c3 25. Qf2 Bd8 26. f5 Qb6 27. f6 Bc7 28. Ng7 Nd8
29. Bh5 Nf8 30. Nxe8 Rxh5 31. Nxf7 Rxg2 32. Qxg2 Nxf7 33. Qg8 Nd8 34. Qxf8 Rxe5
35. Bg1 Rf5 36. Re1 e5 37. dxe5 d4 38. Qg8 Qc6+ 39. Qg2 Qxe8 40. Bxd4 Qe6 41.
Bxa7 Rxe5 42. Rd1 Re1+ 43. Rxe1 Qxe1+ 44. Bg1 Qe6 45. Bc5 h3 46. Qf3 Nf7 47.
Bf2 Ne5 48. Qe4 Qxf6 0-1

[Event "ZMDI Open A 2012"]
[Site "Dresden GER"]
[Date "2012.08.23"]
[Round "6"]
[White "Oleksienko, M."]
[Black "Meier, Geo"]
[Result "1/2-1/2"]
[WhiteElo "2535"]
[BlackElo "2648"]
[PlyCount "46"]
[EventDate "2012.08.18"]
[SourceDate "1999.07.01"]

1. e4 e6 2. d4 d5 3. Nd2 c5 4. exd5 Qxd5 5. dxc5 Bxc5 6. Ngf3 Nf6 7. Bc4 Qc6 8.
Qe2 O-O 9. O-O a6 10. a3 b6 11. b4 Be7 12. Ne5 Qc7 13. Bb2 Nc6 14. f4 a5 15. f5
axb4 16. Nxc6 Qxc6 17. axb4 Rxa1 18. Bxa1 Bxb4 19. Bxf6 gxf6 20. Ne4 Be7 21.
Kh1 Kh8 22. Bd3 Rg8 23. fxe6 Qxe6 1/2-1/2

[Event "87th ch-FRA 2012"]
[Site "Pau FRA"]
[Date "2012.08.17"]
[Round "5"]
[White "Istratescu, A."]
[Black "Maze, S."]
[Result "1-0"]
[WhiteElo "2647"]
[BlackElo "2573"]
[PlyCount "162"]
[EventDate "2012.08.13"]
[SourceDate "1999.07.01"]

1. d4 e6 2. e4 d5 3. Nd2 Nf6 4. e5 Nfd7 5. c3 c5 6. Bd3 Nc6 7. Ngf3 Be7 8. a3
a5 9. h4 c4 10. Bc2 b5 11. Nf1 Qc7 12. Ng3 h6 13. Nh5 Bf8 14. Rh3 g6 15. Nf4
Nb6 16. Nh2 Ne7 17. Ng4 Bd7 18. Nf6+ Kd8 19. h5 g5 20. Ne2 Ng8 21. Nxd7 Qxd7
22. Rf3 Bg7 23. a4 f5 24. axb5 Ne7 25. b3 Nec8 26. Ba3 Bf8 27. Bxf8 Rxf8 28. g4
f4 29. bxc4 Nxc4 30. Nc1 N8b6 31. Nb3 Qe7 32. Bd3 Rg8 33. Rh3 Kc7 34. Kf1 Kb8
35. Kg2 Rc8 36. Bxc4 Nxc4 37. Qb1 Rg8 38. Nc5 Kc7 39. Ra4 Kb6 40. Rh1 Rac8 41.
Re1 Rxc5 42. dxc5+ Qxc5 43. Qh7 Qf8 44. Kg1 Qg7 45. Qd3 Qc7 46. Qd4+ Kb7 47. b6
Qc6 48. Rea1 Ra8 49. Qd3 Nxe5 50. Qh7+ Kxb6 51. Qb1+ Kc7 52. Rxa5 Rxa5 53. Rxa5
Nf3+ 54. Kg2 d4 55. Qb5 Ne5+ 56. Qxc6+ Nxc6 57. Ra2 d3 58. Kf3 Ne5+ 59. Ke4
Nxg4 60. Kxd3 Nf6 61. Kd4 g4 62. Ra7+ Kd8 63. Rg7 g3 64. fxg3 Nxh5 65. Rg8+ Ke7
66. gxf4 Nxf4 67. Rg4 Kd6 68. Ke4 Nd5 69. Rg3 Kc5 70. Kd3 Nf4+ 71. Kc2 h5 72.
Rg5+ Kd6 73. c4 e5 74. Kc3 h4 75. Kb4 h3 76. Rg1 e4 77. Kb5 e3 78. c5+ Ke5 79.
c6 Nd5 80. Rg5+ Ke4 81. Rxd5 h2 1-0

[Event "Manhem GM 2012"]
[Site "Gothenburg SWE"]
[Date "2012.08.14"]
[Round "5"]
[White "Rozentalis, E."]
[Black "Tikkanen, H."]
[Result "1/2-1/2"]
[WhiteElo "2585"]
[BlackElo "2570"]
[PlyCount "99"]
[EventDate "2012.08.11"]
[SourceDate "1999.07.01"]

1. e4 e6 2. d4 d5 3. Nd2 Nf6 4. e5 Nfd7 5. Bd3 c5 6. c3 Nc6 7. Ne2 cxd4 8. cxd4
f6 9. exf6 Nxf6 10. Nf3 Bd6 11. O-O Qc7 12. Bd2 O-O 13. Rc1 Qb6 14. Bc3 Nh5 15.
Ne5 g6 16. b4 a6 17. a3 a5 18. Qa4 Qc7 19. Bb2 Qe7 20. b5 Nxe5 21. dxe5 Bc5 22.
b6 Bxb6 23. Bd4 Bxd4 24. Qxd4 Qxa3 25. Rc7 Qb4 26. Qe3 Rf7 27. Rxf7 Kxf7 28.
Nd4 Bd7 29. Rb1 Qf8 30. Rxb7 Qc8 31. Nb5 Kg8 32. Nd6 Qc6 33. Qg5 Rf8 34. g3 Qc3
35. Qe3 d4 36. Qe2 Bc6 37. Rc7 a4 38. Ne4 Qc1+ 39. Qf1 Qxf1+ 40. Kxf1 Bd5 41.
Ra7 Ra8 42. Rxa8+ Bxa8 43. Nc5 a3 44. Nb3 a2 45. Ke2 Ng7 46. Bc4 Kf7 47. Kd3
Nf5 48. Kc2 Ne7 49. Kb2 Bd5 50. Bxd5 1/2-1/2

[Event "99th ch-GBR 2012"]
[Site "North Shields ENG"]
[Date "2012.08.02"]
[Round "10.2"]
[White "Jones, G."]
[Black "Conquest, S."]
[Result "1/2-1/2"]
[WhiteElo "2655"]
[BlackElo "2501"]
[PlyCount "116"]
[EventDate "2012.07.23"]
[SourceDate "1999.07.01"]

1. e4 e6 2. d4 d5 3. Nd2 c5 4. Ngf3 cxd4 5. Nxd4 Nf6 6. exd5 Qxd5 7. Nb5 Na6 8.
Nc3 Qd8 9. a3 Be7 10. Qf3 Nb8 11. Nc4 Nc6 12. Bf4 O-O 13. Rd1 Nd5 14. Nxd5 exd5
15. Rxd5 Qe8 16. Ne3 Be6 17. Rd1 Rd8 18. Bd3 f5 19. Qg3 Kh8 20. h4 Bf6 21. b4
Qh5 22. Be2 Bc3+ 23. Kf1 Bc4 24. Qf3 Qxf3 25. gxf3 Rxd1+ 26. Nxd1 Bxe2+ 27.
Kxe2 Bf6 28. c3 g6 29. a4 Kg7 30. b5 Na5 31. Bg5 Re8+ 32. Kd3 Rd8+ 33. Kc2 Nc4
34. Re1 h6 35. Bxf6+ Kxf6 36. f4 Rd2+ 37. Kb3 Na5+ 38. Kb4 b6 39. Ne3 Rxf2 40.
c4 Kf7 41. Nd5 Rf3 42. Re7+ Kf8 43. Re3 Rxe3 44. Nxe3 Nb7 45. Nc2 g5 46. fxg5
hxg5 47. hxg5 Kf7 48. Nd4 f4 49. Nf3 Kg6 50. Kc3 Nc5 51. Kd4 Kf5 52. g6 Kxg6
53. Ke5 Nxa4 54. Kxf4 Kf6 55. Ne5 Ke6 56. Nc6 Kd6 57. Nxa7 Nb2 58. Nc8+ Kc5
1/2-1/2

[Event "ch-PHI Grand Final 2012"]
[Site "Boracay PHI"]
[Date "2012.07.23"]
[Round "12.5"]
[White "Barcenilla, R."]
[Black "Gomez, Joh"]
[Result "1-0"]
[WhiteElo "2501"]
[BlackElo "2539"]
[PlyCount "59"]
[EventDate "2012.07.15"]
[SourceDate "1999.07.01"]

1. e4 e6 2. d4 d5 3. Nd2 Nf6 4. e5 Nfd7 5. f4 c5 6. c3 Nc6 7. Ndf3 cxd4 8. cxd4
Nb6 9. Bd3 Nc4 10. Ne2 Qa5+ 11. Kf2 Be7 12. Rf1 Qb6 13. b3 Na3 14. Kg3 Bd7 15.
Bb2 f5 16. Nc3 Na5 17. Bxf5 N5c4 18. Nxd5 Nxb2 19. Nxb6 Nxd1 20. Nxa8 Ne3 21.
Be4 O-O 22. Bxb7 g5 23. Rfc1 gxf4+ 24. Kf2 Nec2 25. Rxc2 Nxc2 26. Rc1 Nb4 27.
Rc7 Rd8 28. a3 Nd3+ 29. Ke2 Nb2 30. a4 1-0

[Event "Turkish Bank Chess League 2012"]
[Site "Konya TUR"]
[Date "2012.07.22"]
[Round "13"]
[White "Kobalia, M."]
[Black "Gurevich, M."]
[Result "1-0"]
[WhiteElo "2677"]
[BlackElo "2596"]
[PlyCount "61"]
[EventDate "2012.07.11"]
[SourceDate "1999.07.01"]
[WhiteTeam "Ceyhan Belediye"]
[BlackTeam "Istanbul Pera"]

1. e4 e6 2. d4 d5 3. Nd2 c5 4. Ngf3 Nf6 5. exd5 exd5 6. Bb5+ Bd7 7. Bf1 Bc8 8.
Bb5+ Bd7 9. Bxd7+ Nbxd7 10. O-O Be7 11. dxc5 Nxc5 12. Nb3 Nce4 13. Nfd4 Qd7 14.
f3 Nd6 15. Nc5 Qc8 16. Nd3 O-O 17. Re1 Re8 18. Bg5 Bd8 19. Rxe8+ Nfxe8 20. Bxd8
Qxd8 21. c3 Nc4 22. Qc2 Ned6 23. Re1 Qc7 24. Nf4 Re8 25. Rxe8+ Nxe8 26. Qe2 Qd8
27. Nxd5 Nxb2 28. Qb5 Nd1 29. Nf5 g6 30. Nfe7+ Kg7 31. Qe2 1-0

[Event "5th Paleochora Open"]
[Site "Paleochora GRE"]
[Date "2012.07.20"]
[Round "6.5"]
[White "Zubarev, Al1"]
[Black "Rychagov, A."]
[Result "1/2-1/2"]
[WhiteElo "2596"]
[BlackElo "2517"]
[PlyCount "51"]
[EventDate "2012.07.16"]
[SourceDate "1999.07.01"]

1. e4 e6 2. d4 d5 3. Nd2 c5 4. Ngf3 Nc6 5. exd5 exd5 6. Bb5 Bd6 7. dxc5 Bxc5 8.
O-O Nge7 9. Nb3 Bd6 10. Re1 O-O 11. Bd3 h6 12. h3 Bf5 13. c3 Qd7 14. Be3 Rad8
15. Bc5 Rfe8 16. Bxd6 Qxd6 17. Bxf5 Nxf5 18. Qd3 Rxe1+ 19. Rxe1 Qf6 20. Rd1 g6
21. Qd2 Kg7 22. Qf4 b5 23. g4 Nfe7 24. Qxf6+ Kxf6 25. Nfd4 b4 26. Nxc6 1/2-1/2

[Event "5th Paleochora Open"]
[Site "Paleochora GRE"]
[Date "2012.07.22"]
[Round "8.4"]
[White "Zinchenko, Ya"]
[Black "Ganguly, S."]
[Result "0-1"]
[WhiteElo "2544"]
[BlackElo "2627"]
[PlyCount "62"]
[EventDate "2012.07.16"]
[SourceDate "1999.07.01"]

1. e4 e6 2. d4 d5 3. Nd2 Nf6 4. e5 Nfd7 5. c3 c5 6. f4 Nc6 7. Ndf3 cxd4 8. cxd4
a5 9. Bd3 a4 10. a3 Nb6 11. Ne2 Be7 12. Kf2 Bd7 13. g4 Nc4 14. f5 Qb6 15. Kg3
h5 16. fxe6 Bxe6 17. gxh5 Rxh5 18. h4 Rh8 19. Rb1 Qa7 20. Qg1 O-O-O 21. Nf4 g5
22. Nxe6 gxh4+ 23. Kh3 fxe6 24. Qg4 Rhg8 25. Qxe6+ Kb8 26. Bf4 Nd2 27. Bh7 Rgf8
28. Bxd2 Rxf3+ 29. Kg4 Qxd4+ 30. Kxf3 Rf8+ 31. Bf5 Qe4+ 0-1

[Event "5th Int ch-Central Serbia 2012"]
[Site "Paracin SRB"]
[Date "2012.07.10"]
[Round "6.4"]
[White "Ulibin, M."]
[Black "Gleizerov, E."]
[Result "1/2-1/2"]
[WhiteElo "2531"]
[BlackElo "2565"]
[PlyCount "41"]
[EventDate "2012.07.06"]
[SourceDate "1999.07.01"]

1. e4 e6 2. d4 d5 3. Nd2 Nf6 4. e5 Nfd7 5. c3 c5 6. Bd3 Nc6 7. Ne2 cxd4 8. cxd4
f6 9. exf6 Nxf6 10. O-O Bd6 11. Nf3 Qc7 12. Bg5 O-O 13. Bh4 Nh5 14. Qc2 h6 15.
Bh7+ Kh8 16. Bg6 Rxf3 17. Bxh5 Rf8 18. Bg3 Bd7 19. Rad1 Be8 20. Bxe8 Raxe8 21.
a3 1/2-1/2

[Event "40th TCh-GRE 2012"]
[Site "Achaea GRE"]
[Date "2012.07.03"]
[Round "5.12"]
[White "Istratescu, A."]
[Black "Berg, E."]
[Result "1-0"]
[WhiteElo "2636"]
[BlackElo "2587"]
[PlyCount "97"]
[EventDate "2012.06.30"]
[SourceDate "1999.07.01"]
[WhiteTeam "NO KALAMATA Poseidon"]
[BlackTeam "CN PTOLEMAIDA PTOLEMAIOS"]

1. e4 e6 2. d4 d5 3. Nd2 Nf6 4. e5 Nfd7 5. c3 c5 6. Bd3 Nc6 7. Ngf3 Qb6 8. O-O
cxd4 9. Nxd4 Nxd4 10. cxd4 Qxd4 11. Nf3 Qb6 12. Qa4 Qb4 13. Qc2 Nc5 14. Bd2 Qa4
15. b3 Qd7 16. Nd4 Nxd3 17. Qxd3 b6 18. a4 Bc5 19. b4 Bxd4 20. Qxd4 Bb7 21. Ra3
Rc8 22. Rg3 Rc4 23. Qd3 Qc7 24. Re1 Re4 25. Rxe4 dxe4 26. Qd6 Qxd6 27. exd6 e3
28. Bxe3 Rg8 29. Bd4 Kd7 30. Bxg7 a5 31. b5 Be4 32. h3 Bc2 33. Rc3 Rc8 34. Rf3
f5 35. Be5 Rc5 36. Re3 Bxa4 37. f4 Bxb5 38. Rg3 Rc1+ 39. Kh2 Rd1 40. Rg7+ Kc6
41. Rxh7 Rxd6 42. Bxd6 Kxd6 43. h4 Be8 44. h5 Bxh5 45. Rxh5 a4 46. g4 b5 47. g5
a3 48. Rh8 b4 49. Ra8 1-0

[Event "40th TCh-GRE 2012"]
[Site "Achaea GRE"]
[Date "2012.07.01"]
[Round "2.5"]
[White "Navara, D."]
[Black "Sedlak, N."]
[Result "1/2-1/2"]
[WhiteElo "2706"]
[BlackElo "2556"]
[PlyCount "75"]
[EventDate "2012.06.30"]
[SourceDate "1999.07.01"]
[WhiteTeam "PG TRIANDRIAS"]
[BlackTeam "THESSALONIKI HS"]

1. e4 e6 2. d4 d5 3. Nd2 c5 4. Ngf3 cxd4 5. Nxd4 Nc6 6. Bb5 Bd7 7. Nxc6 Bxc6 8.
Bxc6+ bxc6 9. c4 Bc5 10. Qa4 Qd7 11. Nb3 Bb6 12. Bg5 f6 13. Be3 Bxe3 14. fxe3
Ne7 15. O-O O-O 16. Rad1 f5 17. exd5 exd5 18. cxd5 Nxd5 19. e4 fxe4 20. Qxe4
Rxf1+ 21. Rxf1 Re8 22. Qc4 Kh8 23. Qc5 h6 24. Nd4 Ne3 25. Rf8+ Rxf8 26. Qxf8+
Kh7 27. Qf4 c5 28. Qe4+ Kh8 29. Nf3 Nf5 30. Kf2 Nd4 31. Ne5 Qa4 32. Ng6+ Kg8
33. h4 Qd1 34. Ne7+ Kf7 35. Nc8 Qd2+ 36. Kg3 Qxb2 37. Nd6+ Kf6 38. Ne8+ 1/2-1/2